[Event "Krakonos op"]
[Site "Czech Republic"]
[Date "1993.??.??"]
[Round "1"]
[White "Duran, Z."]
[Black "Voller, Jiri"]
[Result "0-1"]
[WhiteElo "2080"]
[BlackElo "1695"]
[PlyCount "70"]
[EventDate "1993.??.??"]
[EventType "swiss"]
[EventRounds "9"]
[EventCountry "CZE"]
[SourceTitle "EXT 2006"]
[Source "ChessBase"]
[SourceDate "2005.11.24"]
[SourceVersion "1"]
[SourceVersionDate "2005.11.24"]
[SourceQuality "1"]

1. e4 e5 2. Nf3 Nc6 3. Bc4 Bc5 4. c3 Nf6 5. d4 exd4 6. cxd4 Bb4+ 7. Bd2 Bxd2+ 8. Nbxd2 d5 9. exd5 Nxd5 10. Qb3 Nce7 11. 0-0 0-0 12. a4 c6 13. a5 Qc7 14. Ne5 Be6 15. Ne4 Nf5 16. Ng5 Nxd4 17. Qd3 Nf5 18. Bxd5 cxd5 19. f4 h6 20. Ngf3 Qc5+ 21. Rf2 Rac8 22. g4 Nd6 23. b4 Qc3 24. f5 Qxa1+ 25. Rf1 Rc1 26. fxe6 Rxf1+ 27. Qxf1 Qxf1+ 28. Kxf1 fxe6 29. Ke2 Rf4 30. Nd3 Rxg4 31. h3 Re4+ 32. Kd2 Nc4+ 33. Kc3 Re3 34. Nd2 Nxd2 35. Kxd2 Rxd3+ 0-1